00413ntaaa2200157 45000030003000000050017000030080021000200400037000410820017000781000028000952450039001232500010001622600055001723000011002279990017002380120251027202456.00714s1973 ag 01  aAR-BaBNbspacAR-BaBNeaacrdRIC a220.2000 B73 aBransby, Carlos 923691 aConcordancia tematica de la Biblia a1 ed. aEl Paso : bCasa Bautista de Publicaciones, c1972 a197 p. c19784d19784